| 000 | 00722nam a22002057a 4500 | ||
|---|---|---|---|
| 003 | OSt | ||
| 005 | 20231101103247.0 | ||
| 008 | 221006b |||||||| |||| 00| 0 eng d | ||
| 040 | _cBiblioteca Lado V | ||
| 082 |
_a730 _bB276c |
||
| 100 |
_91171 _aBarrios, Rafael _eautor |
||
| 245 | _aCronología, Agradecimientos y Colofón/ | ||
| 260 |
_c1987 _bMuseo de Arte Contemporáneo de Caracas _aVenezuela |
||
| 300 |
_c29 x 23 cm _a6p. |
||
| 650 |
_2Tesauro de Arte & Arquitectura _aARTE |
||
| 650 |
_2Tesauro de Arte & Arquitectura _aESCULTURA _9703 |
||
| 650 |
_2Tesauro de Arte & Arquitectura _aVENEZUELA |
||
| 650 |
_2Tesauro de Arte & Arquitectura _aRAFAEL BARRIOS |
||
| 942 |
_2ddc _c1 _h730 _iB276c _n0 |
||
| 999 |
_c4505 _d4505 |
||